000 01571cam a22003974i 4500
003 PE-LiUPU
005 20250731184050.0
008 151021s2000 sp a r 000 0 spa d
020 _a9507820469
035 _a(Sirsi) i9789507820465
040 _aPE-LiUPU
_bspa
_dPE-LiUPU
_erda
049 _aPRUA
082 0 4 _a848.8
_bV52
100 1 _aVerne, Julio,
_eautor.
245 1 0 _a20,000 leguas de viaje submarino /
_cJulio Verne.
264 1 _aBarcelona :
_bBiblioteca Genios,
_c2000.
300 _a45 páginas :
_bilustraciones ;
_c27 centímetros
336 _atext
_2rdacontent
337 _aunmediated
_2rdamedia
338 _avolume
_2rdacarrier
490 0 _aColección grandes clásicos ;
_v1
505 0 _aA la caza del monstruo -- El capitán Nemo -- Un encuentro con los salvajes -- Entre perlas y tiburones -- El continente desaparecido -- La catástrofe.
526 _aP145
526 _aP127
526 _aP97
526 _aP14
526 _aP07
650 4 _aNovelas francesas
_ySiglo XIX.
910 _aaas
_bjck
_caas
_d20151021
942 _2ddc
_cBOOK
949 _a848.8 V52
_wDEWEY
_c1
_i71833
_lCCODEBUL1
_mBUL
_p6.00
_r0
_sY
_tBOOK
_u2015-10-21
_xEDUCACION
_zUNKNOWN
_0COMPRA
_o.STAFF. Colección General
994 _aC0
_bPEPRU
596 _a1
999 _a848.8 V52
_wDEWEY
_c7724
_i71833
_d7724
_e2019-1-14
_f2021-11-9
_g6
_lCCODEBUL1
_mBUL
_n5
_p6.00
_q2
_r0
_sY
_tBOOK
_u2015-10-21
_xEDUCACION
_zUNKNOWN
_0COMPRA
_o.STAFF. Colección General
980 _81
_gALBERTO SANCHEZ Responsable de Automatización